|
|
|
|
| LEADER |
00000naa a2200000uu 4500 |
| 001 |
vtls010963120 |
| 003 |
SK-MaSNL |
| 005 |
20260302145425.0 |
| 008 |
210909|2007 xo |||||||||||||||||slo| |
| 015 |
|
|
|a SNBRA
|
| 035 |
|
|
|a (urnnbn)urn:nbn:sk:snk:ar-a0btkc
|
| 035 |
|
|
|a (uuid)ce6244aa-2090-4092-9a13-103a329c211f
|
| 035 |
|
|
|a urn:nbn:sk:snk-aaul2s
|
| 040 |
|
|
|a SNKBUCL
|b slo
|c SNKBUCL
|e AACR2
|
| 041 |
0 |
|
|a slo
|
| 044 |
|
|
|a xo
|c SK
|
| 100 |
1 |
|
|a Jurko, Alexander,
|d 1963-
|4 aut
|9 188679
|
| 245 |
1 |
0 |
|a Hypertrofická kardiomyopatia a Leopard syndróm
|c A. Jurko Ml., A. Jurko
|
| 700 |
1 |
|
|a Jurko, Alexander,
|d 1934-2026
|4 aut
|9 188680
|
| 773 |
0 |
|
|t Diagnostika a terapia v pediatrii
|d V Bratislave : Univerzita Komenského ; V Martine : Jesseniova lekárska fakulta, 2007
|g S. 80-81
|z 9788088866497
|
| 958 |
|
|
|a OND
|
| 958 |
|
|
|a article11
|
| 958 |
|
|
|a chapter
|
| 999 |
|
|
|c 1354097
|d 1356027
|